| 000 | 00757nam a2200253 i 4500 | ||
|---|---|---|---|
| 001 | 105599 | ||
| 003 | ES-MaACL | ||
| 005 | 20250903063102.0 | ||
| 007 | t| | ||
| 008 | 060727s1963 fr ||||1| fre d | ||
| 040 | _cES-MaACL | ||
| 080 | _a821.133.1-31"19" | ||
| 100 | 1 |
_aSemprún, Jorge, _d1923-2011 _9105418 _eaut |
|
| 245 | 1 | 3 |
_aLe grand voyage / _cJorge Semprun. |
| 260 |
_a[S.l.] : _bGallimard, _c[1963] |
||
| 264 | _c©1963 | ||
| 300 |
_a233 páginas ; _c21 cm. |
||
| 500 | _aBiblioteca Juan Andrade. | ||
| 655 | 0 |
_9234319 _aNovelas |
|
| 852 |
_aES-MaACL _jAND-391 _bR.109695 _9109580 _cDEPO2 _xEncuadernación rústica |
||
| 942 |
_cMONOGRAFIA _n0 |
||
| 999 |
_c105599 _d105599 |
||